000 00577nam a2200181 i 4500
001 70007
003 ES-MaACL
005 20230906170705.0
007 t|
008 040714s1968 sp ||||1| cat d
100 1 _aGarcía Martínez, Sebastián.
_954918
245 1 4 _aEls fonaments del pais Valenciá modern /
_cSebastián García Martínez ; [traducció del castellá d'Enric Valor i Vives].
250 _a[1ª ed.].
260 _a[Barcelona :
_bLavinia,
_c1968]
300 _a181 p. ;
_c17 cm.
700 1 _aValor, Enric.
_9112978
852 _aES-MaACL
_jC-36870
_bR.65958
999 _c70007
_d70007